000 00504cam a22001932 4500
001 0000000550
005 20170406112706.0
008 131113s xx 000 0 eng d
020 _c$
040 _aYour Holding Symbol
_cYour Holding Symbol
100 1 _aMoore,E.G.
245 1 0 _aPHILOSOPHICAL /
_cG.E MOORE.
250 _a ed.
260 _aLONDON :
_bKEGAN PAUL,
_c1922.
300 _a342 p. ;
_c cm.
504 _aINCLUDES INDEX.
650 0 _aPHILOSOPHY.
908 _a131113
999 _c477
_d477